आईना - ए - गझल (Record no. 469166)

MARC details
000 -LEADER
fixed length control field 00478nam a2200145Ia 4500
008 - FIXED-LENGTH DATA ELEMENTS--GENERAL INFORMATION
fixed length control field 100204s9999 xx 000 0 und d
082 ## - DEWEY DECIMAL CLASSIFICATION NUMBER
Item number 23985
100 ## - MAIN ENTRY--PERSONAL NAME
Personal name सानी जरिना
245 ## - TITLE STATEMENT
Title आईना - ए - गझल
260 ## - PUBLICATION, DISTRIBUTION, ETC. (IMPRINT)
Name of publisher, distributor, etc "मंगेश प्रकाशन , नागपूर"
Date of publication, distribution, etc 1996 4
630 ## - SUBJECT ADDED ENTRY--UNIFORM TITLE
Uniform title आईना - ए - गझल
700 ## - ADDED ENTRY--PERSONAL NAME
Personal name वाईकर विजय
730 ## - ADDED ENTRY--UNIFORM TITLE
Uniform title आईना - ए - गझल
942 ## - ADDED ENTRY ELEMENTS (KOHA)
Koha item type Book
Holdings
Withdrawn status Lost status Damaged status Not for loan Home library Current library Date acquired Cost, normal purchase price Total Checkouts Full call number Barcode Date last seen Cost, replacement price Price effective from Koha item type
        N. C. Kelkar Sarvajanik Library, Mulund N. C. Kelkar Sarvajanik Library, Mulund 01/10/2000 150.00   23985 NCKMULUND-23985 02/04/2010 150.00 02/04/2010 Book